<?xml version="1.0" encoding="UTF-8"?>
<record
    xmlns:xsi="http://www.w3.org/2001/XMLSchema-instance"
    xsi:schemaLocation="http://www.loc.gov/MARC21/slim http://www.loc.gov/standards/marcxml/schema/MARC21slim.xsd"
    xmlns="http://www.loc.gov/MARC21/slim">

  <leader>00627nam a2200193   4500</leader>
  <controlfield tag="008">260323b        |||||||| |||| 00| 0 eng d</controlfield>
  <datafield tag="020" ind1=" " ind2=" ">
    <subfield code="a">9780520313460</subfield>
  </datafield>
  <datafield tag="020" ind1=" " ind2=" ">
    <subfield code="a">0520313461</subfield>
  </datafield>
  <datafield tag="024" ind1=" " ind2=" ">
    <subfield code="a">1476592312</subfield>
  </datafield>
  <datafield tag="040" ind1=" " ind2=" ">
    <subfield code="a">MksU</subfield>
  </datafield>
  <datafield tag="050" ind1=" " ind2=" ">
    <subfield code="a">JC49 </subfield>
    <subfield code="b">.A8 1961</subfield>
  </datafield>
  <datafield tag="100" ind1=" " ind2=" ">
    <subfield code="a">Asad, Muhammad,</subfield>
  </datafield>
  <datafield tag="245" ind1=" " ind2=" ">
    <subfield code="a">The principles of state and government in Islam /</subfield>
    <subfield code="c">Muhammad Asad.</subfield>
  </datafield>
  <datafield tag="260" ind1=" " ind2=" ">
    <subfield code="a">Los Angeles :</subfield>
    <subfield code="b">University of California Press, </subfield>
    <subfield code="c">c1961.</subfield>
  </datafield>
  <datafield tag="300" ind1=" " ind2=" ">
    <subfield code="a">xiii, 107 pages ;</subfield>
    <subfield code="c">23 cm</subfield>
  </datafield>
  <datafield tag="650" ind1=" " ind2=" ">
    <subfield code="a">Constitutional law (Islamic law)</subfield>
  </datafield>
  <datafield tag="650" ind1=" " ind2=" ">
    <subfield code="a">Constitutional law </subfield>
    <subfield code="z">Pakistan</subfield>
  </datafield>
  <datafield tag="942" ind1=" " ind2=" ">
    <subfield code="2">lcc</subfield>
    <subfield code="h">JC49 .A8 1961</subfield>
    <subfield code="c">BOOKS</subfield>
  </datafield>
  <datafield tag="999" ind1=" " ind2=" ">
    <subfield code="c">32380</subfield>
    <subfield code="d">32380</subfield>
  </datafield>
  <datafield tag="952" ind1=" " ind2=" ">
    <subfield code="0">0</subfield>
    <subfield code="1">0</subfield>
    <subfield code="2">lcc</subfield>
    <subfield code="4">0</subfield>
    <subfield code="7">0</subfield>
    <subfield code="a">MUC</subfield>
    <subfield code="b">MUC</subfield>
    <subfield code="c">GEN</subfield>
    <subfield code="d">2015-10-16</subfield>
    <subfield code="e">Donation- Falcon</subfield>
    <subfield code="g">1585.00</subfield>
    <subfield code="l">0</subfield>
    <subfield code="o">JC49 .A8 1961</subfield>
    <subfield code="p">40328</subfield>
    <subfield code="r">2026-06-10</subfield>
    <subfield code="w">2026-03-24</subfield>
    <subfield code="y">BOOKS</subfield>
  </datafield>
  <datafield tag="952" ind1=" " ind2=" ">
    <subfield code="0">0</subfield>
    <subfield code="1">0</subfield>
    <subfield code="2">lcc</subfield>
    <subfield code="4">0</subfield>
    <subfield code="7">0</subfield>
    <subfield code="a">MUC</subfield>
    <subfield code="b">MUC</subfield>
    <subfield code="c">GEN</subfield>
    <subfield code="d">2015-10-16</subfield>
    <subfield code="e">Donation- Falcon</subfield>
    <subfield code="g">1585.00</subfield>
    <subfield code="l">0</subfield>
    <subfield code="o">JC49 .A8 1961</subfield>
    <subfield code="p">40329</subfield>
    <subfield code="r">2026-06-10</subfield>
    <subfield code="w">2026-03-24</subfield>
    <subfield code="y">BOOKS</subfield>
  </datafield>
  <datafield tag="952" ind1=" " ind2=" ">
    <subfield code="0">0</subfield>
    <subfield code="1">0</subfield>
    <subfield code="2">lcc</subfield>
    <subfield code="4">0</subfield>
    <subfield code="7">0</subfield>
    <subfield code="a">MUC</subfield>
    <subfield code="b">MUC</subfield>
    <subfield code="c">GEN</subfield>
    <subfield code="d">2015-10-16</subfield>
    <subfield code="e">Donation- Falcon</subfield>
    <subfield code="g">1585.00</subfield>
    <subfield code="l">0</subfield>
    <subfield code="o">JC49 .A8 1961</subfield>
    <subfield code="p">40330</subfield>
    <subfield code="r">2026-06-10</subfield>
    <subfield code="w">2026-03-24</subfield>
    <subfield code="y">BOOKS</subfield>
  </datafield>
  <datafield tag="952" ind1=" " ind2=" ">
    <subfield code="0">0</subfield>
    <subfield code="1">0</subfield>
    <subfield code="2">lcc</subfield>
    <subfield code="4">0</subfield>
    <subfield code="7">0</subfield>
    <subfield code="a">MUC</subfield>
    <subfield code="b">MUC</subfield>
    <subfield code="c">GEN</subfield>
    <subfield code="d">2015-10-16</subfield>
    <subfield code="e">Donation- Falcon</subfield>
    <subfield code="g">1585.00</subfield>
    <subfield code="l">0</subfield>
    <subfield code="o">JC49 .A8 1961</subfield>
    <subfield code="p">40331</subfield>
    <subfield code="r">2026-06-10</subfield>
    <subfield code="w">2026-03-24</subfield>
    <subfield code="y">BOOKS</subfield>
  </datafield>
  <datafield tag="952" ind1=" " ind2=" ">
    <subfield code="0">0</subfield>
    <subfield code="1">0</subfield>
    <subfield code="2">lcc</subfield>
    <subfield code="4">0</subfield>
    <subfield code="7">0</subfield>
    <subfield code="a">MUC</subfield>
    <subfield code="b">MUC</subfield>
    <subfield code="c">GEN</subfield>
    <subfield code="d">2015-10-16</subfield>
    <subfield code="e">Donation- Falcon</subfield>
    <subfield code="g">1585.00</subfield>
    <subfield code="l">0</subfield>
    <subfield code="o">JC49 .A8 1961</subfield>
    <subfield code="p">40332</subfield>
    <subfield code="r">2026-06-10</subfield>
    <subfield code="w">2026-03-24</subfield>
    <subfield code="y">BOOKS</subfield>
  </datafield>
</record>
